Young, disabled and LGBT+ : voices, identities and intersections /

Guardat en:
Dades bibliogràfiques
Altres autors: Franklin, Anita, Toft, Alex
Format: Llibre
Idioma:anglès
Publicat: London : Routledge, 2021
Col·lecció:Routledge research in gender and society
Etiquetes: Afegir etiqueta
Sense etiquetes, Sigues el primer a etiquetar aquest registre!

MARC

LEADER 00000nam a22000007i 4500
001 IT\ICCU\SBT\0035992
003 ItRI
005 20260115232008.0
008 211207s2021 xxk|||||| ||||| |||||c
020 |a 9781032175607 (pbk) 
040 |b ita  |c importazione bologna sebina 
041 7 |a eng  |2 ISO-639-2 
130 0 |a Young, disabled and LGBT+  |3 IT\ICCU\UBO\4667475 
245 0 0 |a Young, disabled and LGBT+ :  |b voices, identities and intersections /  |c edited by Alex Toft and Anita Franklin. 
260 |a London :  |b Routledge,  |c 2021 
300 |a XIII, 238 p. :  |b ill. ;  |c 24 cm. 
700 1 |a Franklin, Anita  |0 IT\ICCU\SBTV\012942 
700 1 |a Toft, Alex  |0 IT\ICCU\SBTV\012939 
830 0 |a Routledge research in gender and society  |0 IT\ICCU\UFI\0285082 
942 |2 ddc  |c BK  |n 0 
952 |0 0  |1 0  |4 0  |6 DOC_362_400000000000000_TOF  |7 0  |9 18624  |a BO  |b BO  |d 2026-01-15  |i 19587  |l 0  |o DOC 362.4 TOF  |p BO19587  |r 2026-01-15 23:20:09  |w 2026-01-15  |x [Sebina 5] [1 v.]  |y BK  |z 1 v. 
999 |c 15788  |d 15788